Kraje Najbliżej Polski - 15 Sekund Sprintu - Statystyki

Ogólne statystyki
  • Ten quiz został rozwiązany 2 837 razy
  • Średni wynik to 6 z 20
Statystyki odpowiedzi
km kraj % Poprawnych
0 Niemcy
91%
0 Czechy
77%
0 Rosja
74%
0 Litwa
69%
0 Słowacja
65%
0 Ukraina
64%
0 Białoruś
53%
190 Łotwa
44%
396 Estonia
28%
76 Węgry
18%
143 Austria
13%
94 Dania
11%
345 Słowenia
11%
154 Szwecja
9%
454 Włochy
5%
101 Rumunia
4%
464 Holandia
3%
370 Chorwacja
2%
287 Mołdawia
2%
334 Serbia
2%
Nie znaleziono quizów pasujących do podanych kryteriów
Rozkład punktacji
Procent ludzi z każdym wynikiem
Percentyl według liczby udzielonych odpowiedzi
Twoja historia wyników
Nie rozwiązałeś tego quizu